Slovník latinských spisovatelů

Bibliographic Details
Main Author: Škoviera, Daniel, 1946-2021 (Author)
Format: Article
Language:Slovak
Subjects:

MARC

LEADER 00000nab a2200000 a 4500
001 vtls000237528
003 SK-MaSNL
005 20260304072448.0
008 250423c1985 xo 0 slo
015 |a SNBRB19rr/mm-uuuuu 
035 |a CL0247642 
035 |a urn:nbn:sk:snk-abelfc 
035 |a (urnnbn)urn:nbn:sk:snk:ar-000knu 
035 |a (uuid)50664959-73cd-416e-a351-568efccafd6b 
040 |a SNKBUCL  |b slo  |c SNKBUCL  |e AACR2 
041 0 |a slo 
044 |a xo  |c SK 
080 |a 82:03(048)  |2 1981 
080 |a 03(048)  |2 1981 
080 |a 871  |2 1981 
080 |a 820/899 (4)  |2 1981 
100 1 |a Škoviera, Daniel,  |d 1946-2021  |4 aut  |9 85343 
245 1 0 |a Slovník latinských spisovatelů  |c Daniel Škoviera 
500 |a V rubrike Knihy 
650 0 7 |a antickí spisovatelia  |2 snkbucl  |9 1360168 
650 0 7 |a latinskí stredovekí spisovatelia  |2 snkbucl  |9 1049355 
655 7 |a recenzie  |2 snkbucl  |9 21907 
655 7 |a články z novín a časopisov  |2 snkbucl  |9 267496 
655 7 |a články z odboru literárna veda a krásna literatúra  |2 snkbucl  |9 770045 
773 0 |t Slovenské pohľady  |g Roč. 101, č. 12 (1985), s. 124-126 
787 0 8 |i Rec.:  |t Slovník latinských spisovatelů  |d Praha : Odeon, 1984 
850 |a Slovenská národná knižnica 
852 |a Slovenská národná knižnica 
954 |a odborná, vedecká literatúra pôvodná (slovenská)  |2 lita 
958 |a article27 
958 |a RK 
958 |a LX 
958 |a OND 
958 |a EUIPO 
992 |a RBX 
999 |c 2766621  |d 2768551